000
00315nam a2200133Ia 4500
001
R-1873
003
CODICE-MESSINA
005
20260212102523.0
008
260211s9999 xx 000 0 und d
040
_c
importazione_messina
100
_a
Arthur C. Clarke
245
0
_a
Preludio Allo Spazio
942
_2
ddc
_c
BK
999
_c
28381
_d
28381